1428 1336 1315 1729 1506 1280 1380 1459 1334 1754 1543 1819 1735 1165 1463 1552 1773 1457 1976 1977 1977 1574 1867 1828 1652 1817 1845 1165 1480 1120 1579 1835 1560 1440 1477 1017 1673 1811 1625 1741 1219 1472 1193 1644 1969 1616 1436 1899 1742 1533 1755 1672 1142 1968 1120 1045 1266 1404 1154 1132 1812 1670 1199 1244 1907 1158 1327 1088 1312 1238 1765 1773 1801 1490 1225 1078 1371 1285 1316 1511 1306 1884 1499 1103 1028 1245 1625 1824 1196 1381 1937 1459 1206 1878 1273 1745 1057 1213 1600 BCNSPRNW ULIB Ver.6.0+V

เปลี่ยนเป็นภาษาไทย

Change to English
 แสดงรายละเอียดบรรณานุกรม
  กลับหน้าหลัก

Brief Record : Get Marc (ISO 2709) : E-mail record : QR code < ปิดหน้าต่าง
LEADER : 00000nam 2200000uu 4500
001    13399111677
003     ULIB
008    110705s2552||||th 000 0 tha d
020    9789746386227
090    นว^bพ111ก 2552
100 0  enjoy eating
245 00 กิ๊กรักวัดใจยัยทอมบอย/^cenjoy eating
250    พิมพ์ครั้งที่ 1
260    กรุงเทพฯ:^bO2Love,^c2552
300    246 หน้า
945    ^p185^l0^i15774
995    กัณชพร
999 ^a ใช้งานได้ทุกระบบ
รายการนี้ยังไม่มีแท็ก
คุณยังไม่ได้ล็อกอิน คุณสามารถมีกิจกรรมร่วมกับเว็บไซต์ได้ แต่ต้องล็อกอินก่อน ::
  ล็อกอิน

รายการสื่อสารสนเทศ

ลำดับที่ ประเภท เลขเรียก/บาร์โค้ด สถานที่ สถานะ
1. วิทยาศาสตร์การแพทย์ และสุขภาพ
วิทยาศาสตร์การแพทย์ และสุขภาพ
นว พ111ก 2552  
  Barcode: 15774
ห้องสมุดวิทยาเขตสวรรค์ประชารักษ์
►นวนิยาย
บนชั้น
  ขอยืม

BibComment


ยังไม่เคยถูกคอมเมนท์

คอมเมนท์ทรัพยากรรายการนี้
  คอมเมนท์: กิ๊กรักวัดใจยัยทอ..


 Copyright 2026. Bcnsprnw @Library